Across the frontiers (Record no. 122727)
[ view plain ]
| 000 -LEADER | |
|---|---|
| fixed length control field | 00573nam a22001817a 4500 |
| 008 - FIXED-LENGTH DATA ELEMENTS--GENERAL INFORMATION | |
| fixed length control field | 150421b xxu||||| |||| 00| 0 eng d |
| 020 ## - INTERNATIONAL STANDARD BOOK NUMBER | |
| International Standard Book Number | 0060118245 |
| 050 ## - LIBRARY OF CONGRESS CALL NUMBER | |
| Classification number | QC6.H34613 1974 |
| 100 ## - MAIN ENTRY--PERSONAL NAME | |
| Personal name | Heisenberg, Werner |
| 9 (RLIN) | 17399 |
| 245 ## - TITLE STATEMENT | |
| Title | Across the frontiers |
| Statement of responsibility, etc | /by Werner Heisenberg |
| 260 ## - PUBLICATION, DISTRIBUTION, ETC. (IMPRINT) | |
| Place of publication, distribution, etc | New York |
| Name of publisher, distributor, etc | Harper and Row |
| Date of publication, distribution, etc | 1974 |
| 300 ## - PHYSICAL DESCRIPTION | |
| Extent | xix,229p. ; |
| Dimensions | 22cm. |
| 440 ## - SERIES STATEMENT/ADDED ENTRY--TITLE | |
| Title | World perspectives |
| Number of part/section of a work | vol. 48 |
| 9 (RLIN) | 17400 |
| 650 ## - SUBJECT ADDED ENTRY--TOPICAL TERM | |
| Topical term or geographic name as entry element | Physics |
| General subdivision | Philosophy |
| 9 (RLIN) | 17401 |
| 650 ## - SUBJECT ADDED ENTRY--TOPICAL TERM | |
| Topical term or geographic name as entry element | Science |
| General subdivision | Philosophy |
| 9 (RLIN) | 17402 |
| 700 ## - ADDED ENTRY--PERSONAL NAME | |
| Personal name | Heath, Peter (trans.) |
| 9 (RLIN) | 17403 |
| 942 ## - ADDED ENTRY ELEMENTS (KOHA) | |
| Source of classification or shelving scheme | Library of Congress Classification |
| Item type | Monograph ( Printed materials) |
| Withdrawn status | Lost status | Source of classification or shelving scheme | Damaged status | Not for loan | Collection code | Home library | Current library | Shelving location | Date acquired | Total Checkouts | Full call number | Barcode | Date last seen | Price effective from | Koha item type |
|---|---|---|---|---|---|---|---|---|---|---|---|---|---|---|---|
| Library of Congress Classification | Main Collection | ARRUPE LIBRARY | ARRUPE LIBRARY | Main Collection | 21/04/2015 | QC6.H34613 1974 | 46500004516 | 02/07/2019 | 21/04/2015 | Monograph ( Printed materials) |